Alle Haltestellen in Haan - Statistiken

Allgemein
  • Dieses Quiz wurde 9 mal gespielt
  • Das Durchschnittsergebnis liegt bei 15 aus 69
Antwortstatistiken
Haltestelle Linien % Korrekt
Bahnhof 784/786/792/O1/(RB48)
86%
Markt 692/742/SB50/784/786/792/O1/DL5
71%
Am Schlagbaum 784/786
57%
Gruiten 641/742/O1/(S8)/(S68)/(RB48)
57%
Stadtbad 742/SB50/784/786/792/O1/DL5
57%
Dieker Str. SB50/792/O1
43%
Dorf 742
43%
Hasenhaus 641/742
43%
Kellertor SB50/786
43%
Lessingstr. 742
43%
Robert-Koch-Straße 742/784/792/O1/DL5
43%
Stöcken SB50/784/786/DL5
43%
Windhövel 742/SB50/784/786/792/O1/DL5
43%
Am Hühnerbach 742
29%
Bachstr. 784/786
29%
Carl-Barth-Str. 742
29%
Düsselberger Str. 641/742/O1
29%
Ellscheid 742
29%
Gartenstr. 641/742
29%
Gräfratherstr. 784/O1
29%
Hochdahler Str. SB50/786
29%
Kämpchen 742
29%
Krankenhaus 742
29%
Lindenweg 742
29%
Millrather Str. 742/O1
29%
Nachbarsberg SB50
29%
Nachtigallenweg 742
29%
Nordstr. 742/784/O1/DL5
29%
Rotdornweg 742/O1
29%
Sauerbruchstr. 742/784/DL5
29%
Schallbruch O1
29%
Seilbahnweg O1
29%
Sinterstr. O1
29%
Tannenwäldchen SB50/786
29%
Thienhaus 784/O1
29%
Zwengenbergerstr. SB50/786
29%
Alt Thienhausen 742
14%
An der Schmitte 784
14%
Bettina-von-Armin-Str. 786
14%
Böttingerstr. SB50/792/O1
14%
Kirche 641/742
14%
Menzelstr. 742
14%
Rheinische Str. 784/DL5
14%
Tückmantel 784
14%
Westfalenstr. 784/DL5
14%
An der Bellekuhl 786
0%
Bergische Str. 784/DL5
0%
Bruchermühlenstr. 742
0%
Büssingstr. 792/O1/DL5
0%
Deller Str. 786
0%
Düppelstr. 792/O1
0%
Feldstr. 792/O1
0%
Graf-Engelbert-Str. 792/O1
0%
Horststr. 742
0%
Hülsberger Busch 792/O1
0%
Ittertalstr. 692
0%
Kirchstr. 692
0%
Mahnertmühle 786
0%
Martin-Luther-Str. 692
0%
Pütt 792
0%
Rosenbaum Osterholz 641
0%
Schöller 641
0%
Siemensstr. 792/O1
0%
Sombers DL5
0%
Steinfelder Str. 792/O1/DL5
0%
Stresemannstr. SB50
0%
Stropmütze O1
0%
Waldfriedhof 784
0%
Wilhelmstr. 742
0%
Keine übereinstimmenden Quizze gefunden
Verteilung der Resultate
Anzahl Personen mit jedem Resultat
Perzentil nach korrekt beantworteten Fragen
Ihre Resultats-Entwicklung
Sie haben dieses Quiz noch nicht gespielt